000 00843nam a22003017a 4500
001 BR8804837
003 BR-BrBNA
005 20230928093006.0
007 ta
008 230509b bl.||||| |||| 00| 0 por d
040 _aBR-BrBNA
_bpor
_cBiblioteca Nacional de Agricultura
041 _a(Por)
072 _aL01; E70
_b9702
_b5213
_b/G514
090 _ 9702 BR8804837
110 1 _aBanco de Desenvolvimento do Estado da Bahia S.A., Salvador (Brasil)
245 1 _aDiagnostico da producao da carne bovina no estado da Bahia [Brasil]
260 3 _aSalvador, BA (Brasil):
_c1984.
300 _a22 p.
500 _a12 tables; 12 ref.
650 _aCARNE
650 _aGADO DE CORTE
650 _aABATE
650 _aCOMERCIALIZACAO
650 _aMERCADO
650 _aBAHIA
909 _a202309
_bLucia
_c55
_dLucia Elande
942 _cBK
999 _c42410
_d42410